|
|
|
|
| LEADER |
00910nam a2200229 a 4500 |
| 008 |
091101s1998 ii 000 0 eng d |
| 020 |
|
|
|a 8170126487
|
| 040 |
|
|
|a VU
|b eng
|c VU
|
| 082 |
0 |
4 |
|a 346.540322
|2 21
|
| 100 |
1 |
|
|a Sreenath, M. R.
|
| 245 |
1 |
0 |
|a Law relating to compensation under the Motor Vehicles Act /
|c by M.R. Sreenath and Lalitha Sreenath.
|
| 250 |
|
|
|a 3rd ed.
|
| 260 |
|
|
|a Lucknow, India :
|b Eastern Book Company,
|c 1998.
|
| 300 |
|
|
|a civ, 703 p. ;
|c 24 cm.
|
| 504 |
|
|
|a Includes bibliogrphy and index.
|
| 541 |
1 |
|
|e 00014682
|
| 610 |
1 |
0 |
|a Constitutional law
|t Motor Vehicles Act (1988)
|
| 650 |
|
0 |
|a Compensation (Law)
|z India.
|
| 700 |
1 |
|
|a Sreenath, Lalitha.
|
| 852 |
4 |
|
|a Ayesha Abed Library
|j General Shelf
|
| 999 |
|
|
|c 5426
|d 5426
|
| 952 |
|
|
|0 0
|1 0
|2 ddc
|4 0
|6 346_540322000000000_SRE
|7 0
|9 9514
|a BRACUL
|b BRACUL
|c GEN
|d 2010-04-28
|g 660.00
|l 1
|o 346.540322 SRE
|p 3010012564
|r 2019-04-09
|s 2019-04-04
|t 2
|w 2010-04-28
|y BK
|